000 00946nam a22003017a 4500
001 BR2014007842
003 BR-BrBNA
005 20230928104553.0
007 ta
008 230509b bl.||||| |||| 00| 0 por d
040 _aBR-BrBNA
_bpor
_cBiblioteca Nacional de Agricultura
041 _a(Por)
072 _aK10; U10
090 _ K10 BR2014007842
100 1 _aSilva, P.H. da
110 1 _aUniversidade Federal de Lavras, MG (Brasil)
_0Tese (Mestrado)
245 1 _aDesenvolvimento de modelo para alocação ótima de pátios de estocagem de madeira
260 3 _aLavras, MG (Brasil):
_c2014.
300 _a127 p.
500 _aSummaries (Eng, Por); Bibliography p. 97-107; 20 illus.; 35 tables
650 _aFLORESTA TROPICAL
650 _aPLANEJAMENTO FLORESTAL
650 _aMODELO MATEMATICO
650 _aINVENTARIO FLORESTAL
650 _aEXPLORACAO FLORESTAL
909 _a202309
_bLucia
_c55
_dLucia Elande
942 _cBK
999 _c80629
_d80629